Score 0/14 Timer 03:00
1 Play Today
Movie Title Missing Word % Correct
______ Poets SocietyDead
95.2%
_____ Lisa SmileMona
90.7%
School of _______Rock
87.6%
_____ on MeLean
80.7%
______ and DeliverStand
74.8%
Mr. ______ OpusHolland's
65.9%
Dangerous _____Minds
59.7%
Movie Title Missing Word % Correct
The ______ DebatersGreat
58.4%
To ____, with LoveSir
56.7%
The Miracle ______Worker
52.8%
Freedom _______Writers
42.5%
______ JungleBlackboard
23.9%
_____ of the HeartMusic
10.4%
The Emperor's _____Club
8.2%

Today's Daily Dose

You're not logged in!

Compare scores with friends on all Sporcle quizzes.
OR
Log In

Sporcle TV

Today on Sporcle TV


Watch our educational content, quiz creation guides, and fun videos on Sporcle TV.

Show Comments

Extras

Top Quizzes Today


Score Distribution

Paid Content

Your Account Isn't Verified!

In order to create a playlist on Sporcle, you need to verify the email address you used during registration. Go to your Sporcle Settings to finish the process.

Report this User

Report this user for behavior that violates our Community Guidelines.

Details: